| 000 | 00432cam a2200181ua 4500 | ||
|---|---|---|---|
| 020 | _c65.00 | ||
| 041 |
_aeng _h |
||
| 082 |
_a028.72628 _bPOT/MA |
||
| 100 | _aPotdar, B R . | ||
| 245 |
_aManual of pollution laws / _cB R Potdar. _hTextual Documents |
||
| 250 |
_a1 / _b. |
||
| 260 |
_aIndore : _bVedpal Law House , _c1985. |
||
| 300 | _a164 ; . | ||
| 365 | _a65.00 | ||
| 504 | _a | ||
| 942 | _cBK | ||
| 999 |
_c5552 _d5552 |
||